Architects, landscape architects : visual thinkers : works of Prof. Kamel O. Mahadin and Hasan O. Mahadin (Record no. 9770)

000 -LEADER
fixed length control field 00420nam a2200145Ia 4500
003 - CONTROL NUMBER IDENTIFIER
control field OSt
005 - DATE AND TIME OF LATEST TRANSACTION
control field 20220303123038.0
008 - FIXED-LENGTH DATA ELEMENTS--GENERAL INFORMATION
fixed length control field 220112s9999||||xx |||||||||||||| ||und||
020 ## - INTERNATIONAL STANDARD BOOK NUMBER
International Standard Book Number 9788887202991
082 ## - DEWEY DECIMAL CLASSIFICATION NUMBER
Classification number 720
Item number MAH
100 ## - MAIN ENTRY--PERSONAL NAME
Personal name Mahadin, Kamel O., 1954-
245 #0 - TITLE STATEMENT
Title Architects, landscape architects : visual thinkers : works of Prof. Kamel O. Mahadin and Hasan O. Mahadin
260 ## - PUBLICATION, DISTRIBUTION, ETC. (IMPRINT)
Name of publisher, distributor, etc Libria,
Date of publication, distribution, etc 2008
942 ## - ADDED ENTRY ELEMENTS (KOHA)
Source of classification or shelving scheme
Holdings
Withdrawn status Lost status Source of classification or shelving scheme Damaged status Koha normalized classification for sorting Not for loan Permanent location Current location Date acquired Source of acquisition Cost, normal purchase price Full call number Barcode Date last seen Cost, replacement price Price effective from Koha item type
        720_000000000000000_MAH   BMS College of Architecture, Design and Planning BMS College of Architecture, Design and Planning 2022-03-03 4 900.00 720 MAH AR-UG2356 2022-03-03 1200.00 2022-03-03 UG Books
Copyright © 2025, The Librarian, Library and Information Centre, BMSCA D&P, Bengaluru. All Rights Reserved
web counter

Powered by Koha